[Event "Titled Tuesday intern op 7th Aug"]
[Site "Chess.com INT"]
[Date "2018.08.07"]
[Round "6"]
[White "Drygalov, Andrey"]
[Black "Klein, David"]
[Result "1-0"]
[WhiteElo "2450"]
[BlackElo "2492"]
[PlyCount "83"]
[EventDate "2018.08.07"]
[EventType "swiss (blitz)"]
[EventRounds "10"]
[EventCountry "USA"]
[SourceTitle "EXT 2021"]
[Source "ChessBase"]
[SourceDate "2020.10.23"]
[SourceVersion "1"]
[SourceVersionDate "2020.10.23"]
[SourceQuality "1"]

1. e4 g6 2. d4 Bg7 3. c4 c6 4. Nc3 Nf6 5. Nf3 0-0 6. Bd3 d6 7. 0-0 Bg4 8. h3 Bxf3 9. Qxf3 Nfd7 10. Be3 c5 11. d5 Ne5 12. Qe2 Nxd3 13. Qxd3 Nd7 14. f4 a6 15. a4 Rb8 16. Ra3 Qa5 17. Bd2 Qc7 18. Kh1 b6 19. Rb1 Rfe8 20. Ne2 b5 21. axb5 axb5 22. cxb5 c4 23. Qc2 Rxb5 24. Bc3 Nf6 25. Nd4 Rb7 26. Nc6 e6 27. Bxf6 Bxf6 28. Qxc4 exd5 29. Qxd5 Bxb2 30. Ra2 Bg7 31. Rxb7 Qxb7 32. Ra7 Qb1+ 33. Kh2 Rf8 34. Rxf7 Rxf7 35. Nd8 Bh6 36. Qxf7+ Kh8 37. Qf6+ Kg8 38. Qe6+ Kg7 39. Qf7+ Kh8 40. Ne6 Qxe4 41. Qe8+ Bf8 42. Qxf8# 1-0

[Event "Titled Tuesday intern op 7th Aug"]
[Site "Chess.com INT"]
[Date "2018.08.07"]
[Round "1"]
[White "Semjonovs, Ilja"]
[Black "Klein, David"]
[Result "0-1"]
[WhiteElo "2242"]
[BlackElo "2492"]
[PlyCount "88"]
[EventDate "2018.08.07"]
[EventType "swiss (blitz)"]
[EventRounds "10"]
[EventCountry "USA"]
[SourceTitle "EXT 2021"]
[Source "ChessBase"]
[SourceDate "2020.10.23"]
[SourceVersion "1"]
[SourceVersionDate "2020.10.23"]
[SourceQuality "1"]

1. e4 g6 2. Nf3 Bg7 3. d4 d6 4. Nc3 Nf6 5. Bg5 c6 6. Qd2 b5 7. Bd3 Bg4 8. Qf4 Bxf3 9. Qxf3 Nfd7 10. 0-0 Bxd4 11. Rab1 Bg7 12. Qe2 Nc5 13. f4 0-0 14. Nd1 Nbd7 15. Nf2 Ne6 16. Ng4 h5 17. Nh6+ Kh7 18. e5 Ndc5 19. Qxh5 Nxd3 20. Qh4 Bxh6 21. Qxh6+ Kg8 22. cxd3 dxe5 23. f5 Nxg5 24. Qxg5 Qd6 25. fxg6 Qxg6 26. Qxg6+ fxg6 27. Rfe1 Rf5 28. Re3 Rd8 29. Rbe1 Kf7 30. Rxe5 Rxe5 31. Rxe5 Rxd3 32. Re2 Rd5 33. Kf2 e5 34. Rc2 c5 35. Ke3 Ke6 36. Rf2 c4 37. g4 Rd3+ 38. Ke2 Rh3 39. g5 Kd5 40. Rf6 Rxh2+ 41. Ke3 Rxb2 42. Rxg6 Rxa2 43. Rg8 Ra3+ 44. Ke2 Ke4 0-1

[Event "PRO League Stage"]
[Site "Chess.com INT"]
[Date "2018.02.24"]
[Round "7"]
[White "Klein, David"]
[Black "Naroditsky, Daniel"]
[Result "1/2-1/2"]
[WhiteElo "2501"]
[BlackElo "2619"]
[PlyCount "34"]
[EventDate "2018.01.18"]
[EventType "team-swiss (rapid)"]
[EventRounds "9"]
[EventCountry "USA"]
[SourceTitle "EXT 2019"]
[Source "ChessBase"]
[SourceDate "2018.10.10"]
[SourceVersion "1"]
[SourceVersionDate "2018.10.10"]
[SourceQuality "1"]
[WhiteTeam "Amsterdam Mosquitos"]
[BlackTeam "San Jose Hackers"]
[WhiteTeamCountry "NED"]
[BlackTeamCountry "USA"]

1. e4 e6 2. d4 d5 3. Nd2 Be7 4. Ngf3 Nf6 5. Bd3 c5 6. e5 Nfd7 7. c3 b6 8. 0-0 Ba6 9. Ne1 Bxd3 10. Nxd3 Nc6 11. Qg4 Nf8 12. Qxg7 Ng6 13. Nf3 Bf8 14. Qf6 Be7 15. Qg7 Bf8 16. Qf6 Be7 17. Qg7 Bf8 1/2-1/2

[Event "PRO League Stage"]
[Site "Chess.com INT"]
[Date "2018.02.24"]
[Round "7"]
[White "Quesada Perez, Yuniesky"]
[Black "Klein, David"]
[Result "1-0"]
[WhiteElo "2627"]
[BlackElo "2501"]
[PlyCount "83"]
[EventDate "2018.01.18"]
[EventType "team-swiss (rapid)"]
[EventRounds "9"]
[EventCountry "USA"]
[SourceTitle "EXT 2019"]
[Source "ChessBase"]
[SourceDate "2018.10.10"]
[SourceVersion "1"]
[SourceVersionDate "2018.10.10"]
[SourceQuality "1"]
[WhiteTeam "Miami Champions"]
[BlackTeam "Amsterdam Mosquitos"]
[WhiteTeamCountry "USA"]
[BlackTeamCountry "NED"]

1. e4 e5 2. Nf3 Nc6 3. Bc4 Bc5 4. d3 d6 5. c3 Nf6 6. 0-0 a6 7. Re1 Ba7 8. Bb3 h6 9. Nbd2 0-0 10. h3 Re8 11. Nf1 Be6 12. Bc2 d5 13. exd5 Bxd5 14. Ng3 Qd7 15. Bd2 Rad8 16. b4 Qd6 17. a4 Bb6 18. Nh4 Qf8 19. Nhf5 Nb8 20. Qe2 Nbd7 21. Rad1 c5 22. c4 Be6 23. b5 axb5 24. axb5 Kh8 25. Qf3 Rb8 26. Ne4 Nxe4 27. dxe4 Bxf5 28. exf5 Nf6 29. Bc3 Bc7 30. g4 Rbd8 31. Qxb7 Bd6 32. Qc6 Qe7 33. Ba5 Rd7 34. b6 e4 35. Bxe4 Nxe4 36. Rxe4 Qxe4 37. Qxd7 Bb8 38. Re1 Qxe1+ 39. Bxe1 Rxe1+ 40. Kg2 Bf4 41. Qxf7 Rb1 42. f6 1-0

[Event "PRO League Stage"]
[Site "Chess.com INT"]
[Date "2018.02.03"]
[Round "4"]
[White "Klein, David"]
[Black "Klimakovs, Sergejs"]
[Result "1-0"]
[WhiteElo "2501"]
[BlackElo "2309"]
[PlyCount "101"]
[EventDate "2018.01.18"]
[EventType "team-swiss (rapid)"]
[EventRounds "9"]
[EventCountry "USA"]
[SourceTitle "CBM 182 Extra"]
[Source "ChessBase"]
[SourceDate "2018.02.23"]
[SourceVersion "1"]
[SourceVersionDate "2018.02.23"]
[SourceQuality "1"]
[WhiteTeam "Amsterdam Mosquitos"]
[BlackTeam "Riga Magicians"]
[WhiteTeamCountry "NED"]
[BlackTeamCountry "LAT"]

1. e4 c5 2. Nf3 d6 3. d4 cxd4 4. Nxd4 Nf6 5. Nc3 a6 6. h3 e5 7. Nde2 h5 8. g3 Be6 9. Bg2 Nbd7 10. a4 Rc8 11. Be3 Be7 12. Qd2 Nb6 13. b3 d5 14. Bxb6 Qxb6 15. exd5 Bf5 16. a5 Qc7 17. Ra4 0-0 18. 0-0 Qd7 19. Kh2 Rfd8 20. Rc1 Rc5 21. Qe3 Qc7 22. Rc4 Rxc4 23. bxc4 Bc5 24. Qd2 Qxa5 25. Rb1 Qc7 26. Na4 Bxf2 27. Rf1 Bd7 28. Rxf2 Bxa4 29. Qg5 Qxc4 30. Qxe5 Re8 31. Qd4 Bb5 32. Qxc4 Bxc4 33. Nf4 g5 34. Nd3 Nxd5 35. Nb2 Ne3 36. Bxb7 a5 37. Bc6 Re7 38. Nxc4 Nxc4 39. Bd5 Ne5 40. Rf5 Kg7 41. Rxg5+ Kf6 42. Rxh5 Rd7 43. c4 a4 44. Rh6+ Ke7 45. Ra6 Nd3 46. Rxa4 Rd6 47. Ra7+ Kd8 48. Rxf7 Rb6 49. g4 Rb2+ 50. Kg3 Rb3 51. Rf3 1-0